La vie de Saint Alexis (Record no. 161443)

MARC details
000 -LEADER
campo de control de longitud fija 01046nam a22002655i 4500
001 - NÚMERO DE CONTROL
campo de control 161443
003 - IDENTIFICADOR DE NÚMERO DE CONTROL
campo de control ES-MaACL
005 - FECHA Y HORA DE LA ÚLTIMA TRANSACCIÓN
campo de control 20250907063123.0
008 - DATOS DE LONGITUD FIJA--INFORMACIÓN GENERAL
campo de control de longitud fija 991104s1887 fr |||| |bfre d
040 ## - FUENTE DE CATALOGACIÓN
Centro catalogador/agencia de origen EUS
Lengua de catalogación spa
Centro/agencia transcriptor EUS
080 ## - NÚMERO DE LA CLASIFICACIÓN DECIMAL UNIVERSAL
Número de la Clasificación Decimal Universal 821.133.1 Vie de Saint Alexis.08
100 1# - ENTRADA PRINCIPAL--NOMBRE DE PERSONA
Nombre de persona Paris, Gaston,
Fechas asociadas al nombre 1839-1903
9 (RLIN) 89136
245 13 - MENCIÓN DEL TÍTULO
Título La vie de Saint Alexis
Resto del título : poème du XIe siècle et renouvements des XIIe et XIVe siécles /
Mención de responsabilidad, etc. publiés avec préfaces, variantes, notes et glossaire par Gaston Paris... et Léopold Pannier.
260 ## - PUBLICACIÓN, DISTRIBUCIÓN, ETC.
Lugar de publicación, distribución, etc. Paris :
Nombre del editor, distribuidor, etc. F. Vieweg...,
Fecha de publicación, distribución, etc. 1887 (
Lugar de fabricación/manufactura Nogent-le-Rotrou :
Fabricante imprimerie de A. Gouverneur)
300 ## - DESCRIPCIÓN FÍSICA
Extensión [1] h., XII, 416, [1] p. ;
Dimensiones 25 cm.
500 ## - NOTA GENERAL
Nota general Reproduction de l'edition de 1872, autorisée par l'auteur.
596 ## - NOTA AL PIE DE IMPRENTA
NOTA AL PIE DE IMPRENTA Colofón.
596 ## - NOTA AL PIE DE IMPRENTA
NOTA AL PIE DE IMPRENTA Marca tip. en port.
597 ## - NOTA DE DESCRIPCIÓN FÍSICA
NOTA DE DESCRIPCIÓN FÍSICA Signaturizado.
597 ## - NOTA DE DESCRIPCIÓN FÍSICA
NOTA DE DESCRIPCIÓN FÍSICA Antep.
630 04 - PUNTO DE ACCESO ADICIONAL DE MATERIA--TÍTULO UNIFORME
Título uniforme Vie de Saint Alexis-
Subdivisión general Lenguaje.
9 (RLIN) 146076
700 0# - ENTRADA AGREGADA--NOMBRE PERSONAL
Nombre de persona Pannier, Léopold.
9 (RLIN) 88809
852 ## - LOCALIZACIÓN
Ubicación ES-MaACL
Número de control de estantería C-7551
Nota libre -- Enc. hol.
Holdings
Estatus retirado Estado de pérdida Estado de daño No para préstamo Colección Biblioteca de origen Biblioteca actual Ubicación en estantería Fecha de adquisición Total de préstamos Signatura topográfica completa Código de barras Visto por última vez Precio de reemplazo Tipo de ítem Koha
        Libros del s. XIX Biblioteca del Ateneo de Madrid Biblioteca del Ateneo de Madrid Sala Palomar 17/01/2008   C-7551 1169107 23/02/2023 23/02/2023 Libro impreso antiguo